New RICS Scotland campaign (Record no. 71174)

MARC details
000 -LEADER
fixed length control field 00854cam a2200205 4500
001 - CONTROL NUMBER
control field WB3834-23
008 - FIXED-LENGTH DATA ELEMENTS--GENERAL INFORMATION
fixed length control field 020918n2002 000 0 eng u
035 ## - SYSTEM CONTROL NUMBER
System control number (Sirsi) u119742
245 ## - TITLE STATEMENT
Title New RICS Scotland campaign
260 ## - PUBLICATION, DISTRIBUTION, ETC.
Date of publication, distribution, etc. 2002
490 ## - SERIES STATEMENT
Series statement RICS Residential Faculty News
Volume/sequential designation 18 September 2002, (1)
520 ## - SUMMARY, ETC.
Summary, etc. RICS Scotland in collaboration with RICS Residential Faculty has undertaken a promotional campaign to encourage homebuyers to use a Homebuyer Survey when purchasing their new home. RICS Scotland at www.rics-scotland.org.uk www.rics.org/ricscms/bin/show?class=News&template=/includes/shownews.html&id=3678
590 ## - LOCAL NOTE (RLIN)
Local note WB
650 ## - SUBJECT ADDED ENTRY--TOPICAL TERM
Topical term or geographic name entry element SCOTLAND
650 ## - SUBJECT ADDED ENTRY--TOPICAL TERM
Topical term or geographic name entry element RICS HOMEBUYER SURVEY AND VALUATION
650 ## - SUBJECT ADDED ENTRY--TOPICAL TERM
Topical term or geographic name entry element MORTGAGE VALUATION
650 ## - SUBJECT ADDED ENTRY--TOPICAL TERM
Topical term or geographic name entry element HOMEBUYERS
690 ## - LOCAL SUBJECT ADDED ENTRY--TOPICAL TERM (OCLC, RLIN)
Topical term or geographic name as entry element PROPERTY-PROPERTY APPRAISAL AND VALUATION
942 ## - ADDED ENTRY ELEMENTS (KOHA)
Suppress in OPAC 0
Holdings
Withdrawn status Lost status Source of classification or shelving scheme Damaged status Not for loan Home library Current library Shelving location Date acquired Total Checkouts Full call number Barcode Date last seen Copy number Price effective from Koha item type
    Dewey Decimal Classification     London London News article 18/09/2002   WB3834-23 119742-1001 06/08/2019 1 06/08/2019 News article